| 000 | 01309nam a2200361Ia 4500 | ||
|---|---|---|---|
| 001 | ebr10086953 | ||
| 003 | CaPaEBR | ||
| 006 | m u | ||
| 007 | cr cn||||||||| | ||
| 008 | 951006s1996 nyua sb 001 0 eng d | ||
| 010 | _z 95045030 | ||
| 020 | _z0195119193 | ||
| 020 | _z0195101057 (cloth : alk. paper) | ||
| 040 |
_aCaPaEBR _cCaPaEBR |
||
| 035 | _a(OCoLC)84375289 | ||
| 050 | 1 | 4 |
_aQB721 _b.V48 1996eb |
| 082 | 0 | 4 |
_a551.3/97 _220 |
| 100 | 1 |
_aVerschuur, Gerrit L., _d1937- |
|
| 245 | 1 | 0 |
_aImpact! _h[electronic resource] : _bthe threat of comets and asteroids / _cGerrit L. Verschuur. |
| 246 | 3 | 0 | _aThreat of comets and asteroids |
| 260 |
_aNew York : _bOxford University Press, _c1996. |
||
| 300 |
_axii, 237 p. : _bill. |
||
| 504 | _aIncludes bibliographical references and index. | ||
| 533 |
_aElectronic reproduction. _bPalo Alto, Calif. : _cebrary, _d2009. _nAvailable via World Wide Web. _nAccess may be limited to ebrary affiliated libraries. |
||
| 650 | 0 | _aComets. | |
| 650 | 0 | _aAsteroids. | |
| 650 | 0 | _aImpact. | |
| 650 | 0 | _aEvolution (Biology) | |
| 651 | 0 | _aEarth. | |
| 655 | 7 |
_aElectronic books. _2local |
|
| 710 | 2 | _aebrary, Inc. | |
| 856 | 4 | 0 |
_uhttp://site.ebrary.com/lib/rucke/Doc?id=10086953 _zAn electronic book accessible through the World Wide Web; click to view |
| 999 |
_c69018 _d69018 |
||